[Event "Oslo op"]
[Site "Fornebu"]
[Date "2016.10.03"]
[Round "5"]
[White "Welling, Gerard J"]
[Black "Robertsen, Bjorn"]
[Result "1-0"]
[WhiteElo "2319"]
[BlackElo "1943"]
[PlyCount "49"]
[EventDate "2016.09.30"]
[EventType "swiss"]
[EventRounds "9"]
[EventCountry "NOR"]
[SourceTitle "EXT 2017"]
[Source "ChessBase"]
[SourceDate "2016.10.25"]
[SourceVersion "1"]
[SourceVersionDate "2016.10.25"]
[SourceQuality "1"]

1. d4 d5 2. e3 Bf5 3. Nf3 Nf6 4. c4 c6 5. cxd5 cxd5 6. Nc3 Nc6 7. Ne5 Bd7 8. f4 e6 9. Bd3 Bd6 10. 0-0 Rc8 11. Bd2 0-0 12. Rf3 a6 13. Rh3 g6 14. g4 Bb4 15. g5 Nxe5 16. fxe5 Ne8 17. Qg4 Bxc3 18. Bxc3 Ng7 19. Rh6 Bb5 20. Bxb5 axb5 21. Rf1 Kh8 22. Rf3 Rg8 23. Rxf7 Rf8 24. Qh4 Kg8 25. Rxg7+ 1-0

[Event "Oslo op"]
[Site "Fornebu"]
[Date "2016.10.01"]
[Round "2"]
[White "Robertsen, Bjorn"]
[Black "Hobber, Anders"]
[Result "1-0"]
[WhiteElo "1943"]
[BlackElo "2331"]
[PlyCount "75"]
[EventDate "2016.09.30"]
[EventType "swiss"]
[EventRounds "9"]
[EventCountry "NOR"]
[SourceTitle "EXT 2017"]
[Source "ChessBase"]
[SourceDate "2016.10.25"]
[SourceVersion "1"]
[SourceVersionDate "2016.10.25"]
[SourceQuality "1"]

1. d4 Nf6 2. c4 e6 3. Nf3 c5 4. e3 d5 5. Nc3 cxd4 6. exd4 Be7 7. cxd5 Nxd5 8. Bd3 0-0 9. 0-0 Nd7 10. Nxd5 exd5 11. Qb3 Nf6 12. Bf4 Nh5 13. Be5 f6 14. Bg3 Nxg3 15. hxg3 Rf7 16. Rfe1 a6 17. Re3 b5 18. Rae1 Ra7 19. a3 Rc7 20. Bb1 g6 21. Ba2 Rd7 22. Re6 Bb7 23. Qe3 Kg7 24. Nh2 g5 25. Bb1 Kf8 26. Ng4 Rd6 27. Nh6 Rxe6 28. Qxe6 Rg7 29. Nf5 Rf7 30. Nh6 Rg7 31. Nf5 Rf7 32. Rc1 b4 33. a4 Ke8 34. Re1 Kf8 35. Rc1 Ke8 36. Nh6 Rg7 37. Bxh7 Qd7 38. Bg6+ 1-0

[Event "Oslo op"]
[Site "Fornebu"]
[Date "2016.09.30"]
[Round "6"]
[White "Robertsen, Bjorn"]
[Black "Ski, Jonathan K"]
[Result "1-0"]
[WhiteElo "1943"]
[BlackElo "1609"]
[PlyCount "55"]
[EventDate "2016.09.30"]
[EventType "swiss"]
[EventRounds "9"]
[EventCountry "NOR"]
[SourceTitle "EXT 2018"]
[Source "ChessBase"]
[SourceDate "2017.10.13"]
[SourceVersion "1"]
[SourceVersionDate "2017.10.13"]
[SourceQuality "1"]

1. d4 d5 2. c4 c6 3. Nf3 Nf6 4. e3 a6 5. Nc3 e6 6. Bd3 dxc4 7. Bxc4 b5 8. Bd3 Bb7 9. 0-0 Be7 10. Qc2 0-0 11. e4 h6 12. e5 Nd5 13. Nxd5 exd5 14. Be3 Nd7 15. Qd2 f5 16. e6 g5 17. exd7 f4 18. Ne5 Bd6 19. Qe2 Bxe5 20. dxe5 fxe3 21. e6 exf2+ 22. Rxf2 Qe7 23. Raf1 Rxf2 24. Rxf2 Rd8 25. Rf7 Qc5+ 26. Kh1 Rf8 27. Bh7+ Kh8 28. Qe5# 1-0

[Event "Helsingor Xtracon op"]
[Site "Helsingor"]
[Date "2016.07.25"]
[Round "4"]
[White "Opseth, Oliver"]
[Black "Robertsen, Bjorn"]
[Result "0-1"]
[WhiteElo "1545"]
[BlackElo "1815"]
[PlyCount "56"]
[EventDate "2016.07.23"]
[EventType "swiss"]
[EventRounds "10"]
[EventCountry "DEN"]
[SourceTitle "CBM 173 Extra"]
[Source "ChessBase"]
[SourceDate "2016.08.29"]
[SourceVersion "1"]
[SourceVersionDate "2016.08.29"]
[SourceQuality "1"]

1. d4 d5 2. c4 c6 3. cxd5 cxd5 4. Nc3 Nc6 5. Nf3 Bf5 6. Qb3 e5 7. e3 e4 8. Qxb7 Bd7 9. Nxd5 Rb8 10. Nc7+ Ke7 11. Nd5+ Kd6 12. Qc7+ Qxc7 13. Nxc7 Kxc7 14. Ng5 Bb4+ 15. Kd1 Nf6 16. Nxf7 Rhf8 17. Bc4 Na5 18. Ne5 Nxc4 19. Nxc4 Ng4 20. Rf1 Bb5 21. b3 Bxc4 22. bxc4 Bc3 23. Rb1 Rxb1 24. Kc2 Rxc1+ 25. Rxc1 Ba5 26. c5 Rxf2+ 27. Kb3 Kc6 28. Rd1 Nxe3 0-1

[Event "NOR-ch U14"]
[Site "Tromsoe"]
[Date "2016.07.14"]
[Round "7"]
[White "Mansoor, Afras"]
[Black "Robertsen, Bjorn"]
[Result "0-1"]
[WhiteElo "1614"]
[BlackElo "1734"]
[PlyCount "106"]
[EventDate "2016.07.09"]
[EventType "swiss"]
[EventRounds "9"]
[EventCountry "NOR"]
[SourceTitle "EXT 2024"]
[Source "ChessBase"]
[SourceDate "2023.10.10"]
[SourceVersion "1"]
[SourceVersionDate "2023.10.10"]
[SourceQuality "1"]

1. e4 e6 2. d4 d5 3. e5 c5 4. c3 Nc6 5. Nf3 Bd7 6. Bd3 Qb6 7. dxc5 Bxc5 8. 0-0 Qc7 9. b4 Bb6 10. Qe2 Nge7 11. a4 a6 12. Na3 Ng6 13. a5 Ba7 14. b5 Ncxe5 15. Bxg6 Nxf3+ 16. Qxf3 hxg6 17. Bf4 Qc5 18. b6 Bb8 19. Bxb8 Rxb8 20. Rfd1 Bc6 21. Qf4 Rd8 22. Qe5 Qd6 23. Qxd6 Rxd6 24. Nc4 Rd8 25. Ne5 Bb5 26. f4 Ke7 27. g3 Rc8 28. Ra3 Rc5 29. Re1 Rhc8 30. Re3 d4 31. cxd4 Rc1+ 32. Kf2 R8c2+ 33. Kf3 f5 34. g4 Rf1+ 35. Kg3 Rg1+ 36. Kh4 Rxh2+ 37. Kg5 Rh5+ 38. Kxg6 Be8+ 39. Kxg7 fxg4 40. Rac3 Rgh1 41. Rc7+ Kd6 42. Nc4+ Kd5 43. Re5+ Rxe5 44. Nxe5 g3 45. Rc5+ Kxd4 46. Rc2 Ke3 47. Kf6 Kxf4 48. Kxe6 Re1 49. Rc4+ Re4 50. Rxe4+ Kxe4 51. Kd6 g2 52. Kc7 g1Q 53. Kxb7 Bb5 0-1

[Event "Oslo Sveins op 9th"]
[Site "Oslo"]
[Date "2016.06.24"]
[Round "1"]
[White "Haug, Johannes"]
[Black "Robertsen, Bjorn"]
[Result "1-0"]
[WhiteElo "2307"]
[BlackElo "1809"]
[PlyCount "73"]
[EventDate "2016.06.24"]
[EventType "swiss"]
[EventRounds "9"]
[EventCountry "NOR"]
[SourceTitle "CBM 173 Extra"]
[Source "ChessBase"]
[SourceDate "2016.08.29"]
[SourceVersion "1"]
[SourceVersionDate "2016.08.29"]
[SourceQuality "1"]

1. e4 e6 2. d4 d5 3. Nc3 Bb4 4. e5 c5 5. a3 Bxc3+ 6. bxc3 Ne7 7. Qg4 Kf8 8. Nf3 Qa5 9. Bd2 Qa4 10. Be2 Nbc6 11. 0-0 Qxc2 12. dxc5 Qe4 13. Qxe4 dxe4 14. Ng5 Nxe5 15. Nxe4 N7c6 16. f4 Nd7 17. Be3 Ke7 18. Bf3 Na5 19. Bd4 Nf6 20. Nd6 Ne8 21. Rfd1 f6 22. Rab1 Nxd6 23. cxd6+ Kd7 24. c4 Nc6 25. c5 Rb8 26. Bf2 Re8 27. g4 e5 28. Be4 g6 29. f5 g5 30. Bd5 Nd8 31. Rbc1 Rf8 32. Rb1 Re8 33. Kg2 Rf8 34. c6+ Nxc6 35. Bxc6+ Kxc6 36. d7 Bxd7 37. Rbc1+ 1-0

[Event "Oslo Sveins op 9th"]
[Site "Oslo"]
[Date "2016.06.24"]
[Round "9"]
[White "Kvendseth, Cornelius"]
[Black "Robertsen, Bjorn"]
[Result "0-1"]
[WhiteElo "1940"]
[BlackElo "1809"]
[PlyCount "72"]
[EventDate "2016.06.24"]
[EventType "swiss"]
[EventRounds "9"]
[EventCountry "NOR"]
[SourceTitle "CBM 173 Extra"]
[Source "ChessBase"]
[SourceDate "2016.08.29"]
[SourceVersion "1"]
[SourceVersionDate "2016.08.29"]
[SourceQuality "1"]

1. Nf3 d5 2. d4 Nf6 3. Nc3 Bg4 4. Bf4 e6 5. e3 Bd6 6. Bg3 Ne4 7. Qd3 Nxg3 8. hxg3 Bf5 9. Qb5+ Nd7 10. Bd3 Bxd3 11. cxd3 Rb8 12. e4 c6 13. Qa4 Qb6 14. Rb1 0-0 15. Qc2 Rfe8 16. e5 Be7 17. Qd2 f6 18. Ke2 c5 19. dxc5 Nxc5 20. Rh5 fxe5 21. Rbh1 e4 22. Ne5 Nxd3 23. Nxd3 exd3+ 24. Kf1 h6 25. Qxd3 Qxb2 26. f4 Bc5 27. Qf3 Qc1+ 28. Ke2 Qc2+ 29. Kf1 Bd4 30. Nd1 Qc4+ 31. Ke1 e5 32. f5 e4 33. Qg4 Bc3+ 34. Kf2 e3+ 35. Kf3 Qxg4+ 36. Kxg4 Bf6 0-1

[Event "Nordstrand GP"]
[Site "Oslo"]
[Date "2016.04.16"]
[Round "5"]
[White "Tryggestad, Andreas Garberg"]
[Black "Robertsen, Bjorn"]
[Result "1-0"]
[WhiteElo "2198"]
[BlackElo "1855"]
[PlyCount "99"]
[EventDate "2016.04.15"]
[EventType "swiss"]
[EventRounds "5"]
[EventCountry "NOR"]
[SourceTitle "EXT 2018"]
[Source "ChessBase"]
[SourceDate "2017.10.13"]
[SourceVersion "1"]
[SourceVersionDate "2017.10.13"]
[SourceQuality "1"]

1. d4 d5 2. c4 c6 3. Nf3 Nf6 4. Nc3 dxc4 5. a4 Bf5 6. Ne5 Nbd7 7. Nxc4 Qc7 8. g3 e5 9. dxe5 Nxe5 10. Bf4 Nfd7 11. Bg2 f6 12. 0-0 g5 13. Nxe5 gxf4 14. Nxd7 Qxd7 15. Qc1 Bd6 16. a5 a6 17. Na4 Qe6 18. Nc5 Bxc5 19. Qxc5 Be4 20. Bxe4 Qxe4 21. Qd6 Qe5 22. Qxe5+ fxe5 23. gxf4 exf4 24. Kg2 0-0-0 25. Kf3 Rhe8 26. Rfd1 Rxd1 27. Rxd1 Re5 28. b4 Rb5 29. Rd4 c5 30. bxc5 Rxc5 31. Rxf4 h5 32. Ra4 Rf5+ 33. Kg3 Rg5+ 34. Kh3 Rc5 35. f4 Rc3+ 36. Kh4 Re3 37. Kxh5 Rxe2 38. h4 Kd7 39. Rb4 Ra2 40. Rxb7+ Ke8 41. f5 Rxa5 42. Kg6 Ra1 43. h5 Rg1+ 44. Kf6 Rh1 45. Rb8+ Kd7 46. Rh8 a5 47. h6 a4 48. h7 a3 49. Ra8 Kd6 50. h8Q 1-0

[Event "Buskerud-ch"]
[Site "Drammen"]
[Date "2016.04.10"]
[Round "4"]
[White "Paulsen, Stig Atle"]
[Black "Robertsen, Bjorn"]
[Result "1-0"]
[WhiteElo "1714"]
[BlackElo "1855"]
[PlyCount "33"]
[EventDate "2016.04.09"]
[EventType "swiss"]
[EventRounds "5"]
[EventCountry "NOR"]
[SourceTitle "EXT 2018"]
[Source "ChessBase"]
[SourceDate "2017.10.13"]
[SourceVersion "1"]
[SourceVersionDate "2017.10.13"]
[SourceQuality "1"]

1. e4 c5 2. Nf3 d6 3. Nc3 g6 4. b3 Bg7 5. Bb2 a6 6. g3 Nc6 7. Bg2 e6 8. 0-0 b5 9. Qc1 Nge7 10. Nxb5 e5 11. Nc3 0-0 12. d3 f5 13. exf5 gxf5 14. Qg5 f4 15. Nh4 Qe8 16. gxf4 exf4 17. Nd5 1-0

[Event "Fagernes TV 2 Elo op"]
[Site "Fagernes"]
[Date "2016.01.01"]
[Round "7"]
[White "Robertsen, Bjorn"]
[Black "Sjoberg, Isak"]
[Result "1-0"]
[WhiteElo "1893"]
[BlackElo "1963"]
[PlyCount "55"]
[EventDate "2015.12.27"]
[EventType "swiss"]
[EventRounds "9"]
[EventCountry "NOR"]
[SourceTitle "CBM 170 Extra"]
[Source "ChessBase"]
[SourceDate "2016.02.25"]
[SourceVersion "1"]
[SourceVersionDate "2016.02.25"]
[SourceQuality "1"]

1. d4 Nf6 2. c4 g6 3. Nc3 Bg7 4. e4 d6 5. Bd3 c5 6. d5 0-0 7. f4 e6 8. Nf3 exd5 9. cxd5 Re8 10. 0-0 c4 11. Bc2 b5 12. e5 Qb6+ 13. Kh1 Ng4 14. Qe2 dxe5 15. h3 Nh6 16. fxe5 Nf5 17. Bf4 a5 18. Rad1 Na6 19. d6 Ra7 20. Nd5 Qxd6 21. exd6 Rxe2 22. Bxf5 Bxf5 23. Ne7+ Kf8 24. Nxf5 Rd7 25. Nxg7 Kxg7 26. Ne5 Rd8 27. d7 Nb8 28. Bg5 1-0

[Event "Fagernes TV 2 Elo op"]
[Site "Fagernes"]
[Date "2015.12.29"]
[Round "3"]
[White "Robertsen, Bjorn"]
[Black "Mansoor, Afras"]
[Result "1-0"]
[WhiteElo "1893"]
[BlackElo "1709"]
[PlyCount "89"]
[EventDate "2015.12.27"]
[EventType "swiss"]
[EventRounds "9"]
[EventCountry "NOR"]
[SourceTitle "CBM 170 Extra"]
[Source "ChessBase"]
[SourceDate "2016.02.25"]
[SourceVersion "1"]
[SourceVersionDate "2016.02.25"]
[SourceQuality "1"]

1. d4 Nf6 2. c4 e6 3. Nf3 Bb4+ 4. Bd2 Bxd2+ 5. Nbxd2 d5 6. e3 c6 7. Bd3 0-0 8. 0-0 Nbd7 9. Ne5 Re8 10. cxd5 exd5 11. Ndf3 Ne4 12. Nxd7 Bxd7 13. Bxe4 dxe4 14. Ne5 Be6 15. b3 Bd5 16. Qd2 Qg5 17. Rac1 Re6 18. Qe2 f6 19. Nc4 f5 20. Ne5 Rf8 21. Rc5 f4 22. exf4 Rxf4 23. Qe3 Qf5 24. Rfc1 Rh6 25. g3 Rf3 26. Nxf3 Qxf3 27. Qxf3 exf3 28. Re1 Kf7 29. Rc3 Re6 30. Rce3 a6 31. Re5 Rxe5 32. Rxe5 g6 33. Kf1 h6 34. Ke1 b5 35. Kd2 a5 36. Kc3 Be6 37. a3 Bd5 38. b4 a4 39. Kd3 Kf6 40. Ke3 h5 41. h4 Kf7 42. Rxd5 cxd5 43. Kxf3 Ke6 44. Kf4 Kf6 45. f3 1-0

[Event "NOR-ch U12"]
[Site "Bergen"]
[Date "2015.11.??"]
[Round "5"]
[White "Robertsen, Bjorn"]
[Black "Karlsson, Marius"]
[Result "1-0"]
[WhiteElo "1758"]
[BlackElo "890"]
[PlyCount "89"]
[EventDate "2015.11.13"]
[EventType "swiss"]
[EventRounds "7"]
[EventCountry "NOR"]
[SourceTitle "EXT 2024"]
[Source "ChessBase"]
[SourceDate "2023.10.10"]
[SourceVersion "1"]
[SourceVersionDate "2023.10.10"]
[SourceQuality "1"]

1. d4 Nf6 2. c4 e6 3. Nf3 Be7 4. Nc3 d5 5. cxd5 exd5 6. Bg5 Bg4 7. e3 h6 8. Bh4 Ne4 9. Bxe7 Qxe7 10. Nxd5 Qd6 11. Bc4 0-0 12. Qc2 Bxf3 13. gxf3 Ng5 14. 0-0-0 Nxf3 15. h4 c6 16. Nf4 Qe7 17. Ng6 Qf6 18. Nxf8 Kxf8 19. Qh7 g5 20. hxg5 Nxg5 21. Qxh6+ Qxh6 22. Rxh6 Kg7 23. Rdh1 Nd7 24. f4 Ne4 25. Rh7+ Kg6 26. Bxf7+ Kf5 27. R1h5+ Kg4 28. Rg7+ Kf3 29. Rh3+ Kf2 30. Bh5 Ng5 31. Rxg5 Rg8 32. Rf3+ Ke1 33. Rxg8 Ne5 34. Rg1+ Ke2 35. fxe5 Kd3 36. b3 c5 37. Bg6+ Kc3 38. dxc5 b5 39. Rg4 a5 40. Rd4 a4 41. Rd3+ Kb4 42. Rf4+ Ka3 43. b4+ Kxa2 44. Bf7+ Ka1 45. Ra3# 1-0

[Event "EU-ch U12 25th"]
[Site "Porec"]
[Date "2015.09.22"]
[Round "2"]
[White "Krstulovic, Alex"]
[Black "Robertsen, Bjorn"]
[Result "1-0"]
[WhiteElo "2119"]
[BlackElo "1890"]
[PlyCount "127"]
[EventDate "2015.09.21"]
[EventType "swiss"]
[EventRounds "9"]
[EventCountry "CRO"]
[SourceTitle "EXT 2016"]
[Source "ChessBase"]
[SourceDate "2015.10.08"]
[SourceVersion "1"]
[SourceVersionDate "2015.10.08"]
[SourceQuality "1"]

1. d4 d5 2. c4 c6 3. Nc3 Nf6 4. cxd5 cxd5 5. Bf4 Nc6 6. e3 a6 7. Bd3 e6 8. h3 Be7 9. Nf3 Bd7 10. 0-0 0-0 11. Rc1 Rc8 12. Ne5 Be8 13. Bh2 Bd6 14. f4 Nd7 15. Qg4 f5 16. Qe2 Nf6 17. g4 Ne4 18. Bxe4 fxe4 19. a3 Nxe5 20. fxe5 Rxf1+ 21. Qxf1 Be7 22. Qf2 Bg5 23. Rf1 Qe7 24. Bg3 Qf7 25. Qe2 Qe7 26. Qe1 Qc7 27. h4 Be7 28. Qf2 h5 29. g5 Bg6 30. Rc1 Be8 31. Rc2 Kh7 32. Rc1 Qa5 33. Qc2 b5 34. Be1 b4 35. axb4 Bxb4 36. Qb1 Bxc3 37. Bxc3 Qb6 38. Rf1 Bc6 39. Rf7 Be8 40. Rf1 Bb5 41. Rf4 a5 42. Qd1 Be8 43. Rf8 Qc6 44. Bxa5 Qc1 45. Qxc1 Rxc1+ 46. Rf1 Rxf1+ 47. Kxf1 Kg6 48. Ke1 Kf5 49. g6 Kg4 50. Bd8 Bxg6 51. Kd2 Be8 52. Bg5 Kf3 53. Kc3 Ke2 54. Kb4 Kd2 55. Kc5 Kc2 56. b4 Kd3 57. b5 Bd7 58. b6 Bc8 59. Kc6 Ke2 60. b7 Bxb7+ 61. Kxb7 Kf3 62. Kc6 Kg4 63. Kd7 Kf5 64. Ke7 1-0

[Event "Politiken Cup 37th"]
[Site "Helsingor"]
[Date "2015.07.31"]
[Round "8"]
[White "Robertsen, Bjorn"]
[Black "Taksrud, Vidar"]
[Result "1-0"]
[WhiteElo "1676"]
[BlackElo "2048"]
[PlyCount "171"]
[EventDate "2015.07.25"]
[EventType "swiss"]
[EventRounds "10"]
[EventCountry "DEN"]
[SourceTitle "CBM 167 Extra"]
[Source "ChessBase"]
[SourceDate "2015.09.14"]
[SourceVersion "1"]
[SourceVersionDate "2015.09.14"]
[SourceQuality "1"]

1. d4 Nf6 2. c4 e6 3. Nf3 Bb4+ 4. Bd2 c5 5. Bxb4 cxb4 6. g3 Nc6 7. Bg2 d5 8. Nbd2 0-0 9. 0-0 Bd7 10. h3 a5 11. Rc1 a4 12. Re1 a3 13. b3 Ne4 14. Nxe4 dxe4 15. Nd2 f5 16. Nf1 Qf6 17. e3 Rfd8 18. f3 e5 19. d5 exf3 20. Bxf3 e4 21. Be2 Ne5 22. Qd2 b6 23. Qxb4 Qh6 24. h4 Re8 25. Qd2 g5 26. hxg5 Qxg5 27. c5 bxc5 28. Rxc5 Ra6 29. d6 Nf3+ 30. Bxf3 exf3 31. Rc7 Be6 32. Rd1 Rd8 33. Qb4 Raa8 34. Qf4 Qf6 35. Qxf3 Bxb3 36. axb3 a2 37. Qh5 h6 38. Ra1 Rxd6 39. Rcc1 Rd3 40. Qf3 Ra7 41. Qe2 Rxb3 42. Qc4+ Qf7 43. Qxf7+ Kxf7 44. Rc2 Rba3 45. Kf2 Kf6 46. Nd2 Kg5 47. Nf3+ Kf6 48. Nd4 R7a5 49. Rc6+ Kg7 50. Kf3 R3a4 51. Kf4 Rb4 52. Rc2 Rba4 53. Rb2 Kg6 54. Rb6+ Kg7 55. Kf3 Ra3 56. Rb5 Rxb5 57. Nxb5 Rb3 58. Nd4 Rb2 59. Nxf5+ Kg6 60. Nd4 Kf6 61. Ne2 h5 62. Nc3 Rc2 63. Nxa2 Rh2 64. Nc3 h4 65. Ne4+ Ke7 66. Ra7+ Kf8 67. Rh7 Ra2 68. Rxh4 Kg7 69. Kf4 Ra4 70. g4 Rb4 71. g5 Ra4 72. Kf5 Ra5+ 73. Ke6 Ra6+ 74. Nd6 Kg6 75. Rg4 Rb6 76. e4 Ra6 77. Rg1 Rb6 78. e5 Ra6 79. Rg2 Rb6 80. Ke7 Ra6 81. e6 Ra7+ 82. Kf8 Ra8+ 83. Ne8 Ra6 84. e7 Ra8 85. Re2 Ra5 86. Ng7 1-0

[Event "Politiken Cup 37th"]
[Site "Helsingor"]
[Date "2015.07.29"]
[Round "6"]
[White "Robertsen, Bjorn"]
[Black "Andreassen, Mikkel"]
[Result "1-0"]
[WhiteElo "1676"]
[BlackElo "1954"]
[PlyCount "91"]
[EventDate "2015.07.25"]
[EventType "swiss"]
[EventRounds "10"]
[EventCountry "DEN"]
[SourceTitle "CBM 167 Extra"]
[Source "ChessBase"]
[SourceDate "2015.09.14"]
[SourceVersion "1"]
[SourceVersionDate "2015.09.14"]
[SourceQuality "1"]

1. d4 d5 2. c4 c6 3. Nf3 Nf6 4. Nc3 e6 5. e3 Nbd7 6. Qc2 Bd6 7. Bd3 h6 8. 0-0 0-0 9. Rd1 Re8 10. b3 e5 11. cxd5 cxd5 12. dxe5 Nxe5 13. Nxe5 Bxe5 14. Bb2 Be6 15. Ne2 Rc8 16. Qd2 Bb8 17. Nd4 Qd6 18. g3 Bg4 19. Be2 Be6 20. Nxe6 fxe6 21. Bxf6 gxf6 22. e4 Qf8 23. exd5 Red8 24. Bf3 e5 25. Rac1 Bd6 26. Rxc8 Rxc8 27. Rc1 Bb4 28. Qe3 Bc5 29. Qd2 Bb4 30. Rxc8 Bxd2 31. Rxf8+ Kxf8 32. Be4 Ke7 33. Kg2 Kd6 34. Kf3 h5 35. Ke2 Bc1 36. Kd3 b5 37. Kc3 h4 38. gxh4 a6 39. a4 bxa4 40. bxa4 Kc5 41. Kd3 a5 42. Ke2 Bf4 43. Kf3 Kd6 44. Kg4 Bxh2 45. Kf5 Ke7 46. Kg6 1-0

[Event "Politiken Cup 37th"]
[Site "Helsingor"]
[Date "2015.07.26"]
[Round "3"]
[White "Franzen, Per Erik"]
[Black "Robertsen, Bjorn"]
[Result "1-0"]
[WhiteElo "1988"]
[BlackElo "1676"]
[PlyCount "73"]
[EventDate "2015.07.25"]
[EventType "swiss"]
[EventRounds "10"]
[EventCountry "DEN"]
[SourceTitle "CBM 167 Extra"]
[Source "ChessBase"]
[SourceDate "2015.09.14"]
[SourceVersion "1"]
[SourceVersionDate "2015.09.14"]
[SourceQuality "1"]

1. d4 Nf6 2. Nf3 d5 3. c4 c6 4. Qc2 Bg4 5. Ne5 Bh5 6. e3 Nbd7 7. f4 Nxe5 8. fxe5 Bg6 9. Qb3 Nd7 10. cxd5 cxd5 11. Qxd5 Qc7 12. Nc3 e6 13. Qb3 Be7 14. Be2 0-0 15. 0-0 Nb6 16. Bd2 Rac8 17. Rfc1 Qd8 18. Nb5 a6 19. Ba5 Rxc1+ 20. Rxc1 axb5 21. Qxb5 Bg5 22. Rc3 Qd5 23. Bxb6 Qxa2 24. Bf3 Qb1+ 25. Kf2 Qh1 26. Qf1 Qxh2 27. Bc5 Qh4+ 28. g3 Qh2+ 29. Qg2 Qxg2+ 30. Bxg2 Re8 31. Bxb7 h5 32. b4 h4 33. b5 hxg3+ 34. Kxg3 f6 35. Bc6 Rb8 36. Bd6 Rc8 37. b6 1-0

[Event "EU-ch U12 24th"]
[Site "Batumi"]
[Date "2014.10.22"]
[Round "4"]
[White "Martinovici, Ilie"]
[Black "Robertsen, Bjorn"]
[Result "1-0"]
[WhiteElo "1953"]
[BlackElo "1700"]
[PlyCount "49"]
[EventDate "2014.10.19"]
[EventType "swiss"]
[EventRounds "9"]
[EventCountry "GEO"]
[SourceTitle "EXT 2016"]
[Source "ChessBase"]
[SourceDate "2015.10.08"]
[SourceVersion "1"]
[SourceVersionDate "2015.10.08"]
[SourceQuality "1"]

1. d4 Nf6 2. c4 g6 3. Nc3 Bg7 4. e4 d6 5. Nf3 0-0 6. Be2 e5 7. d5 Ne8 8. 0-0 f5 9. Nd2 Nf6 10. f3 Nbd7 11. Qc2 a5 12. exf5 gxf5 13. Qxf5 Nc5 14. Qc2 Nh5 15. Nde4 b6 16. Nxc5 bxc5 17. Bd3 Nf4 18. Bxh7+ Kh8 19. Bxf4 exf4 20. Ne2 Qg5 21. Be4 Rg8 22. Rf2 Rb8 23. Rb1 Bh3 24. Kh1 Bd4 25. Nxd4 1-0

[Event "EU-ch U12 24th"]
[Site "Batumi"]
[Date "2014.10.21"]
[Round "3"]
[White "Aydincelebi, Kagan"]
[Black "Robertsen, Bjorn"]
[Result "1-0"]
[WhiteElo "1896"]
[BlackElo "1700"]
[PlyCount "49"]
[EventDate "2014.10.19"]
[EventType "swiss"]
[EventRounds "9"]
[EventCountry "GEO"]
[SourceTitle "EXT 2016"]
[Source "ChessBase"]
[SourceDate "2015.10.08"]
[SourceVersion "1"]
[SourceVersionDate "2015.10.08"]
[SourceQuality "1"]

1. e4 e6 2. d4 d5 3. Nc3 Bb4 4. e5 Ne7 5. Nf3 c5 6. dxc5 Bxc3+ 7. bxc3 Qc7 8. Bd3 Qxc5 9. 0-0 Qxc3 10. Bf4 Qc7 11. h4 b6 12. h5 h6 13. Nd4 Bd7 14. Qg4 Kf8 15. Rae1 Nbc6 16. Nb5 Qd8 17. Nd6 Nc8 18. Nxc8 Rxc8 19. Re3 f5 20. exf6 Qxf6 21. Bb5 Ke7 22. Qg3 Ke8 23. Bxc6 Bxc6 24. Be5 Qg5 25. c3 1-0